| 000 | 01799nam a2200529 i 4500 | ||
|---|---|---|---|
| 001 | 33447 | ||
| 003 | KOSZ 005 | ||
| 005 | 20220505080141.0 | ||
| 008 | 010509s1997 pl a |001 0 pol | ||
| 015 | _aUWD 2001/7837 | ||
| 020 | _a8385428232 | ||
| 035 | _a991016107759705066 | ||
| 035 | _a(PL-WaBN)b14324350-48omnis_nlop | ||
| 035 | _ab14324350 | ||
| 035 | _a(OCoLC)830244405 | ||
| 035 | _acc99215429 | ||
| 035 | _azz2004955292 | ||
| 035 | _a(PL)b0000001432435 | ||
| 035 | _a(EXLNZ-48OMNIS_NETWORK)9910387789205606 | ||
| 040 |
_aWA N _cWA N _dKOSZ 005/HR |
||
| 041 | 0 | _apol | |
| 046 | _k1997 | ||
| 080 | _a336.76(438) | ||
| 100 | 1 |
_aTarczyński, Waldemar _d(1960- ) _eAutor |
|
| 245 | 1 | 0 |
_aRynki kapitałowe : _bmetody ilościowe. _nVol. 2 / _cWaldemar Tarczyński. |
| 260 |
_aWarszawa : _b"Placet", _c1997. |
||
| 300 |
_a208, [6] s. : _bil. ; _c24 cm. |
||
| 336 |
_aTekst _btxt _2rdacontent |
||
| 337 |
_aBez urządzenia pośredniczącego _bn _2rdamedia |
||
| 338 |
_aWolumin _bnc _2rdacarrier |
||
| 380 | _aKsiążki | ||
| 388 | _a1901-2000 | ||
| 388 | _a1989-2000 | ||
| 490 | 1 | _aBiblioteka Biznesmena | |
| 500 | _aNa okł. podtyt.: Giełda Papierów Wartościowych : analiza portfelowa : analiza banków. | ||
| 504 | _aBibliogr. - Indeks. | ||
| 610 | 2 | 7 |
_aGiełda Papierów Wartościowych (Warszawa) _2DBN |
| 650 | 7 |
_aGiełda papierów wartościowych _2DBN |
|
| 650 | 7 |
_aRynek kapitałowy _2DBN |
|
| 650 | 7 | _aBadania ilościowe | |
| 658 | _aGospodarka, ekonomia, finanse | ||
| 710 | 2 |
_aWydawnictwo Placet _4pbl |
|
| 830 | 0 | _aBiblioteka Biznesmena | |
| 856 |
_uhttp://koha.tu.koszalin.pl/cgi-bin/koha/opac-detail.pl?biblionumber=33447 _yKatalog online BPK |
||
| 942 |
_2UKD _cKS |
||
| 999 |
_c33447 _d33447 |
||